岡山駅から出発する列車の行先 - Statistics

General Stats
  • This quiz has been taken 26 times
    25 since last reset
  • The average score is 33 of 42
Answer Stats
路線名 駅名 % Correct
山陽新幹線 新大阪
100%
山陽新幹線 広島
100%
山陽新幹線 博多
100%
山陽本線 姫路
95%
東海道本線/東海道新幹線 東京
95%
東海道新幹線 名古屋
95%
九州新幹線 熊本
95%
九州新幹線 鹿児島中央
95%
因美線 鳥取
90%
山陽本線/山陽新幹線 三原
90%
山陽本線 福山
90%
山陰本線 米子
90%
山陰本線 出雲市
90%
宇野線 宇野
90%
予讃線 松山
90%
土讃線 高知
90%
津山線 津山
90%
赤穂線 播州赤穂
86%
山陽本線 倉敷
86%
伯備線/吉備線 総社
86%
伯備線 備中高梁
86%
伯備線 新見
86%
宇野線 茶屋町
86%
本四備讃線 児島
86%
予讃線 高松
86%
山陽本線 相生
81%
福塩線 府中
81%
赤穂線 西大寺
76%
山陽本線 糸崎
76%
山陽本線 和気
71%
予讃線 伊予西条
71%
山陽本線 瀬戸
67%
吉備線 備中高松
67%
赤穂線 長船
62%
山陽本線 金光
62%
山陽本線 吉永
57%
赤穂線 日生
57%
赤穂線 備前片上
57%
山陽本線 万富
52%
宇野線 備前西市
52%
山陽本線 三石
43%
津山線 福渡
33%
No matching quizzes found
Score Distribution
Percent of People with Each Score
Percentile by Number Answered
Your Score History
You have not taken this quiz since the last reset